Tilastot visalle Etelä-Afrikan naapurimaat

Klikkaa tästä pelataksesi tätä visaa!

Yleistilastot

  • Tätä visaa on pelattu 910 kertaa
  • Keskiarvotulos 6 / 6

Vastaustilastot

PituusValtio% Oikein
909 kmLesotho
97%
967 kmNamibia
95%
1 840 kmBotswana
91%
491 kmMosambik
91%
430 kmSwazimaa
91%
225 kmZimbabwe
90%

Tulosjakauma

Persentiili vastausten määrän mukaan

Jokaisen tuloksen saaneiden osuus

Tuloshistoriasi

Et ole pelannut tätä visaa